Europe Landlocked Countries Map - Statistics

General Stats
  • This quiz has been taken 47 times
  • The average score is 14 of 15
Answers on the Map
Answers color-coded by a green-red scale on the quiz's map according to % correct below.
 
Answer Stats
Answer % Correct
Belarus
98%
Czech Republic
98%
Hungary
98%
Kosovo
98%
Luxembourg
98%
Andorra
95%
Moldova
95%
Serbia
95%
Switzerland
95%
Austria
93%
San Marino
93%
Slovakia
93%
Liechtenstein
91%
Vatican City
91%
North
Macedonia
88%
No matching quizzes found
Score Distribution
Percent of People with Each Score
Percentile by Number Answered
Your Score History
You have not taken this quiz